| 000 | 00660cam a2200193 a 4500 | ||
|---|---|---|---|
| 999 |
_c12602 _d12602 |
||
| 003 | OSt | ||
| 005 | 20240418124853.0 | ||
| 008 | 011030s2002 enk b 001 0 eng | ||
| 020 | _a9780631232520 | ||
| 082 | 0 | 0 |
_a307.12 _221 _bHAL |
| 100 | 1 |
_aHall, Peter, _d1932-2014. |
|
| 245 | 1 | 0 |
_aCities of tomorrow : _ban intellectual history of urban planning and design in the twentieth century / _cPeter Hall. |
| 250 | _a3rd ed. | ||
| 260 |
_aOxford, UK ; _aMalden, MA : _bBlackwell Publishers, _cc2002. |
||
| 300 | _ap. cm. | ||
| 504 | _aIncludes bibliographical references (p. [469]-543) and index. | ||
| 650 | 0 |
_aCity planning _xHistory _y20th century. |
|
| 942 | _2ddc | ||